01806naa a2200253 i 4500001000400000003000900004005001700013008003900030040002100069080001000090080001900100100014300119245014400262520069600406650002101102650001001123650002801133655003001161711004701191773016501238700012301403942001301526999001301539153KOSZ 00520191005093907.0151207s2001 pl | | |100 ||pol cBPKdKOSZ 005/EG a004.2 a621.3.037/.0491 aGRETKOWSKI, Dariusz.d1996 - .bPolitechnika Koszalińska - Wydział Elektroniki,cKatedra Systemów Cyfrowego Przetwarzania Sygnałów10aProjekt i realizacja kombinacyjnych i sekwencyjnych układów cyfrowych przełączanych prądem /cDariusz Gretkowski, Oleg Maslennikow. aW pracy omawiane są zagadnienia dotyczące projektowania i realizacji wielofunkcyjnego układu scalonego zbudowanego z bramek przełączanych prądem. Zaprojektowany układ zawiera zestaw różnych przerzutników (RS, T, D i JK), rejestr przesuwny, enkoder, multiplekser, LUT (look up table) oraz 4-bitowe ALU -analog układu Am2901. Dla wszystkich zaprojektowanych schematów układu zostały przetestowane ich modele utworzone w języku VHDL. Wyprodukowany został również prototyp układu, który pozwolił zweryfikować metodę projektowania, modele symulacyjne w języku VHDL oraz "layout" struktury układu. Określone zostały także rzeczywiste parametry układu. 0aUkłady cyfrowe. 0aVHDL. 0aJęzyki programowania. 0aMateriały konferencyjne.22aRUC 2001n(4 ;d2001 ;cSzczecin, Polska).0 iW :tReprogramowalne Układy Cyfrowe RUC 2001 : IV Krajowa Konferencja Naukowa, Szczecin, 7-8 maja 2001 : materiały. -dSzczecin : Informa, 2001. -gs. 249-2561 aMaslennikow, Olegd1996 - 2010.bPolitechnika Koszalińska - Wydział Elektroniki,cKatedra Inżynierii Komputerowej cROZ2UKD c153d153